Drafting and negotiating commercial leases / (Record no. 463)

MARC details
000 -LEADER
fixed length control field 01414nam a2200337 a 4500
001 - CONTROL NUMBER
control field 574429
003 - CONTROL NUMBER IDENTIFIER
control field OSt
005 - DATE AND TIME OF LATEST TRANSACTION
control field 20110721113945.0
008 - FIXED-LENGTH DATA ELEMENTS--GENERAL INFORMATION
fixed length control field 891120s1989 nyua 000 0 eng
010 ## - LIBRARY OF CONGRESS CONTROL NUMBER
LC control number 89208578
020 ## - INTERNATIONAL STANDARD BOOK NUMBER
International Standard Book Number 0406010269
040 ## - CATALOGING SOURCE
Original cataloging agency DLC
Transcribing agency DLC
043 ## - GEOGRAPHIC AREA CODE
Geographic area code n-us---
050 00 - LIBRARY OF CONGRESS CALL NUMBER
Classification number KF593.C6
Item number D7 1989
082 00 - DEWEY DECIMAL CLASSIFICATION NUMBER
Classification number 346.73043462 ROS
Edition number 20
245 00 - TITLE STATEMENT
Title Drafting and negotiating commercial leases /
Statement of responsibility, etc co-chairmen, Morton P. Fisher, Jr., Richard R. Goldberg.
260 ## - PUBLICATION, DISTRIBUTION, ETC. (IMPRINT)
Place of publication, distribution, etc New York, N.Y. (810 7th Ave., New York 10019) :
Name of publisher, distributor, etc Practising Law Institute,
Date of publication, distribution, etc c1989.
300 ## - PHYSICAL DESCRIPTION
Extent 408 p. :
Other physical details ill. ;
Dimensions 22 cm.
440 #0 - SERIES STATEMENT/ADDED ENTRY--TITLE
Title Real estate law and practice course handbook series ;
Volume number/sequential designation no. 337
9 (RLIN) 1372
500 ## - GENERAL NOTE
General note "Prepared for distribution at the Drafting and negotiating commercial leases program, November 13, 1989, New York City"--P. 5.
500 ## - GENERAL NOTE
General note Pages 406-408 blank.
500 ## - GENERAL NOTE
General note "N4-4519."
650 #0 - SUBJECT ADDED ENTRY--TOPICAL TERM
Topical term or geographic name as entry element Commercial leases
Geographic subdivision United States.
9 (RLIN) 1373
700 1# - ADDED ENTRY--PERSONAL NAME
Personal name Fisher, Morton P.
9 (RLIN) 1374
700 1# - ADDED ENTRY--PERSONAL NAME
Personal name Goldberg, Richard R.,
Dates associated with a name 1946-
9 (RLIN) 1375
710 2# - ADDED ENTRY--CORPORATE NAME
Corporate name or jurisdiction name as entry element Practising Law Institute.
9 (RLIN) 1376
906 ## - LOCAL DATA ELEMENT F, LDF (RLIN)
a 7
b cbc
c orignew
d 3
e ncip
f 19
g y-gencatlg
942 ## - ADDED ENTRY ELEMENTS (KOHA)
Source of classification or shelving scheme Dewey Decimal Classification
Koha item type Books
Holdings
Withdrawn status Lost status Source of classification or shelving scheme Damaged status Not for loan Home library Current library Shelving location Date acquired Total Checkouts Full call number Barcode Date last seen Price effective from Koha item type
    Dewey Decimal Classification     Law Development Centre Main Library Law Development Centre Main Library Text Books and Laws 04/20/2011   346.73043462 ROS 2011/2378 04/20/2011 04/20/2011 Books